| 000 | 01006cam a22003134a 4500 | ||
|---|---|---|---|
| 001 | 12031125 | ||
| 003 | OSt | ||
| 005 | 20220121111916.0 | ||
| 008 | 000605s2001 maua 001 0 eng | ||
| 010 | _a 00055039 | ||
| 020 | _a0070494622 | ||
| 038 | _akhadija | ||
| 040 |
_aDLC _cDLC _dDLC |
||
| 042 | _apcc | ||
| 050 | 0 | 0 |
_aTJ230 _b.S5 2001 |
| 082 | 0 | 0 |
_a621.815 _221 _bSHI |
| 100 | 1 |
_aShigley, Joseph Edward. _988556 |
|
| 245 | 1 | 0 |
_aMechanical Engineering Design / _cJoseph Edward Shigley, Charles R. Mischke. |
| 250 | _a6th ed. | ||
| 260 |
_aBoston, Mass. : _bMcGraw Hill, _c2001. |
||
| 300 |
_axxxi, 1248 p. : _bill. ; _c26 cm. |
||
| 500 | _aIncludes index. | ||
| 563 | _aPB | ||
| 650 | 0 |
_aMachine design. _988557 |
|
| 700 | 1 |
_aMischke, Charles R. _988558 |
|
| 906 |
_a7 _bcbc _corignew _d1 _eocip _f20 _gy-gencatlg |
||
| 942 |
_2ddc _cBK |
||
| 999 |
_c31926 _d31926 |
||